000 00301nam a2200121Ia 4500
003 GCL
008 140319s9999 xx 000 0 ara d
040 _aGCL /
_cGCL
082 0 4 _aد
_b050
245 1 0 _aالاسلام والعصر ( اقرا 358 )
300 _a238 ص
490 _aوثائق ونصوص
_v0
999 _c27347
_d27347